|
|
|
|
| LEADER |
00000nam a2200000 a 4500 |
| 001 |
vtls001257491 |
| 003 |
SK-MaSNL |
| 005 |
20260301234447.0 |
| 008 |
250414s1990 xo 0 slo |
| 020 |
|
|
|a 8070930527
|q (brož.)
|
| 035 |
|
|
|a SNK000208328
|
| 040 |
|
|
|a SNK
|b slo
|c SNK
|e AACR2
|
| 041 |
0 |
|
|a slo
|
| 044 |
|
|
|a xo
|c SK
|
| 072 |
|
7 |
|a 780.6
|x Hudobné nástroje a príslušenstvo
|2 konspekt
|
| 080 |
|
|
|a 787.3:786.2.083.6.087.5.089.8
|2 1981
|
| 080 |
|
|
|a 786.2.083.6.087.5.089.8
|2 1981
|
| 080 |
|
|
|a 786.2
|2 1981
|
| 080 |
|
|
|a 780.614.334
|2 2011
|
| 080 |
|
|
|a 780.616.433
|2 2011
|
| 245 |
0 |
0 |
|a Album pre violončelo a klavír 1
|h Hudobnina
|c Juraj Fazekaš, Zuzana Jakabová
|
| 250 |
|
|
|a 1. vyd.
|
| 260 |
|
|
|a Bratislava
|b Opus [vyd.]
|c 1990
|e Partizánske
|f Západoslovenské tlačiarne
|
| 300 |
|
|
|a 30 s.
|c 30,5x23 cm
|
| 366 |
|
|
|e 600 výtl.
|
| 500 |
|
|
|a Hudobnina.
|
| 500 |
|
|
|a Výber a rev. Juraj Fazekaš. Ob. Zuzana Jakabová.
|
| 650 |
0 |
7 |
|a violončelo
|2 SNKPH
|9 73360
|
| 650 |
0 |
7 |
|a klavír
|2 SNKPH
|9 58636
|
| 650 |
0 |
7 |
|a Violoncello
|2 SNKPHeng
|9 605472
|
| 650 |
0 |
7 |
|a piano
|2 SNKPHeng
|9 367390
|
| 700 |
1 |
|
|a Fazekaš, Juraj,
|d 1938-2004
|4 oth
|9 222120
|
| 700 |
1 |
|
|a Jakabová, Zuzana
|4 oth
|9 277042
|
| 852 |
|
|
|a Slovenská národná knižnica
|
| 919 |
|
|
|a 80-7093-052-7
|
| 924 |
|
|
|a violončelo a klavír
|
| 954 |
|
|
|a inštruktívna tvorba
|a albumy
|
| 958 |
|
|
|a BQ
|
| 958 |
|
|
|a TL
|
| 958 |
|
|
|a OND
|
| 999 |
|
|
|c 970107
|d 972037
|
| 952 |
|
|
|t P60, <04>, [BOOK], {604}
|a SNK
|b SNK
|y VYP
|7 0
|p 17A0167134
|o snkHSB 2958/1 D1
|0 0
|1 0
|4 0
|d 1998-11-05
|l 0
|r 2005-01-01 00:00:00
|w 2026-02-24
|